000 00266nam a2200097Ia 4500
082 _a331.01 DEBO
245 0 _aThe pleasures and sorrows of work
100 _a DE BOTTON, Alain London, 2009
_965790
942 _cBK
008 210817s9999 xx 000 0 und d
999 _c210518
_d210517